000 02350cam a2200373 i 4500
001 768714001
003 CO-MdFUSB
005 20220615160316.0
007 ta
008 200609t20202020ne a b 001 0 eng
020 _a9789004427884
040 _aDLC
_beng
_erda
_cCO-MdFUSB
_dNLTRS
_dYDX
_dOCLCF
_dGRU
_dPTS
_dMR4
_dCGU
_dCHVBK
_dERASA
_dUKMGB
_dQGE
_dGUA
_dDLC
_dOCLCO
_dGZM
_dJ9U
_dLML
041 _aeng
082 _223
_a223.206
_bV979
100 1 _aVreugdenhil, Gerrit C.,
_eautor
245 1 0 _aPsalm 91 and demonic menace /
_c Gerrit C. Vreugdenhil.
246 3 0 _aPsalm ninety-one and demonic menace.
264 1 _aLeiden ;
_aBoston :
_bBrill,
_c[2020]
264 4 _c©2020.
300 _a491 páginas :
_bilustraciones a color
_c25 cm.
336 _atexto
_btxt
_2rdacontent.
337 _asin mediación
_bn
_2rdamedia.
338 _avolumen
_bnc
_2rdacarrier.
490 1 _aOudtestamentische Studiën,
504 _aIncluye referencias bibliográficas (páginas 443-461) e índices.
505 _aIntroducción -- Demonios en el Antiguo Cercano Oriente -- Demonios en el Antiguo Israel -- Texto y estructura del Salmo 91 -- Contexto y género del Salmo 91 -- La tensión entre texto y contexto -- Imágenes de amenaza -- Imágenes de Protección - - Amenaza demoníaca, protección divina y confianza.
520 _a"En el Salmo 91 y la amenaza demoníaca, Gerrit Vreugdenhil ofrece un análisis exhaustivo del texto, la estructura y el género del Salmo 91. Ya en sus primeras interpretaciones, el Salmo 91 se ha asociado con el reino demoníaco. El uso de este salmo en amuletos antiguos y en Los textos mágicos exigen una explicación. Al examinar las imágenes de amenaza de los salmos desde una perspectiva de la ciencia cognitiva, Vreugdenhil muestra que muchos de estos términos tienen asociaciones con hechicería y magia, encantamientos y maldiciones, enfermedades y amenazas demoníacas. El salmo toma en serio la amenaza demoníaca, pero también llama la atención sobre la protección ofrecida por JHWH. Finalmente, el autor propone un bosquejo del contexto situacional en el que el Salmo 91 podría haber funcionado"--
563 _aPasta dura
630 7 _aBiblia.
_pSalmos
_xCrítica, interpretación, etc.
830 0 _aOudtestamentische studiën ;
942 _cBK
945 _aJTF-925
999 _c67895
_d67895